00645nam a2200109Ia 4500008004100000100006100041245011200102260003600214650000800250650023300258856004400491171212s9999 xx 000 0 und d aJacobs, James B.;Panarella, Christopher;Worthington, Jay cJacobs, James B.;Panarella, Christopher;Worthington, JayaBusting the MobbThe United States v. Cosa Nostra bNew York University Pressc1994 aLaw aMafia trials -- United States; International Brotherhood of Teamsters, Chauffeurs, Warehousemen, and Helpers of America -- Trials, litigation, etc.; Racketeering -- United States; Organized crime -- United States -- Bibliography uhttp://www.jstor.org/stable/j.ctt9qfvw4